000 00972nam0a22002891 4500
001 rc\2129573
005 20250623091651.0
035 _a(NLR Aleph) 006699479
090 _a5229093
_c5229093
100 _a20110829d1978 |||y0rusy50 ca
101 0 _arus
102 _aRU
105 _ay ij |||||
200 1 _aРегиональные межотраслевые балансы
_e(Текст лекции)
210 _aТашкент
_cТашИНХ
_d1978
215 _a59 с.
_d20
300 _aВ надзаг.: Ташк. ин-т нар. хоз-ва
320 _aБиблиогр.: с. 58 (18 назв.)
606 _aБаланс межотраслевых связей
_2psbo
700 1 _aГулямов
_bС.С.
_f1947-
_gСайдахрар Сайдахмедович
801 0 _aRU
_bNLR
_gpsbo
801 1 _aRU
_bELAR
_2rusmarc
852 _aNLR
_j79-4/1526
899 _aRuMoRGB
_jБ 78-56/2285
899 _aRuMoRGB
_jБ 78-56/2284
942 _cBOOK
980 _aNB